La suspensión del procedimiento como medida cautelar en la inaplicabilidad por inconstitucionalidad de la ley

محفوظ في:
التفاصيل البيبلوغرافية
المؤلف الرئيسي: Colombo Campbell, Juan (مؤلف)
التنسيق: كتاب
اللغة:الإسبانية
منشور في: Santiago Tribunal Constitucional 2008
سلاسل:Cuadernos del Tribunal Constitucional, 37
الموضوعات:
الوسوم: إضافة وسم
لا توجد وسوم, كن أول من يضع وسما على هذه التسجيلة!

MARC

LEADER 00000nam a2200000 a 4500
001 UCI9756
003 CL-VaPUC
008 081204e20080900CL |||||||||||||||||spa|d
020 |a 9789568186128 
082 0 4 |a 342.830664  |b COL  |2 21 
100 0 |a Colombo Campbell, Juan  |e author  |9 533692 
245 1 3 |a La suspensión del procedimiento como medida cautelar en la inaplicabilidad por inconstitucionalidad de la ley 
300 |a 42 p 
942 |c BK 
945 |d 20081204 00:00:00  |a jtorresc 
260 |a Santiago  |b Tribunal Constitucional  |c 2008 
600 0 7 |a TRIBUNAL CONSTITUCIONAL  |2 CL-VaPUC  |9 257869 
600 0 |a Cámara de diputados  |9 256490 
650 0 |a Derecho constitucional   |9 222588 
650 7 |a GARANTIAS CONSTITUCIONALES  |2 CL-VaPUC  |9 533693 
650 0 |a Medidas cautelares  |9 256590 
583 |a last modification  |c 20081204 00:00:00  |k Rodrigo Vera 
490 0 |a Cuadernos del Tribunal Constitucional, 37 
999 |c 332234  |d 332232 
952 |0 0  |1 0  |2 ddc  |4 0  |6 342_830664000000000_COL_2008  |7 0  |8 A  |9 419751  |a BIBDER  |b BIBDER  |d 2019-11-22  |i 4502663  |o 342.830664 COL 2008  |p 4502663  |r 2023-01-25  |w 2019-11-22  |y MX  |k DER